| 000 | 00481nam a2200169 a 4500 | ||
|---|---|---|---|
| 005 | 20140412111431.0 | ||
| 008 | 130611s19uu xx 00 eng d | ||
| 020 | _a9780328691111 | ||
| 050 |
_aTR(GS 372 _bF716 201_? |
||
| 100 | _aForesman, Scott | ||
| 245 |
_aReader's and writer's Notebook: _bGrade two (2) Volume 2. |
||
| 260 |
_aUSA : _bPearson Education, _c201_?. |
||
| 300 | _a576 | ||
| 440 | _aReading Street | ||
| 650 | _aReasding-Study and teaching. | ||
| 999 |
_c106373 _d106373 |
||